000 00941cab a2200265 4500
001 ABS52512
008 090401t1995 xxu||||| |||| 00| 0 eng d
035 _a(Sirsi) u82769
041 _aeng
100 _aHoare, S.
245 _aRich pickings
260 _c1995
350 _a0
490 _aConstruction News
_v(6408) 30 March 1995, 22(1)
520 _aReports that the luxury housing market in London is buoyant, with prices rising 20% over the past 18 months, largely as a result of investment by southeast Asian buyers. With suitable space now scarce, vacant office blocks are being converted to prestige flats in order to meet demand.
650 _aCENTRAL LONDON
650 _aHONG KONG
650 _aHOUSING MARKET
650 _aLUXURY HOMES MARKET
650 _aOVERSEAS BUYERS
650 _aSINGAPORE
690 _aPROPERTY-RESIDENTIAL PROPERTY-RESIDENTIAL PROPERTY MARKET
942 _n0
948 _c04/03/1997
999 _c52278
_d52278